00000000nam##2200000za#4500
0019.659543
003CaOODSP
00520200330132247
007ta
008150407|1997||||xxc|||||     f|0| 0 eng|d
020 |a0-662-63135-8
040 |aCaOODSP|beng
041 |aeng
041 |afre
043 |an-cn---
0861 |aCH4-1/21-1997
1101 |aCanada.|bTask Force on the Implementation of Digital Television.
24510|aCanadian television in the digital era : |bthe report of the Task Force on the Implementation of Digital Television
260 |aOttawa - Ontario : |bTask Force on the Implementation of Digital Television |c1997.
300 |aEnglish text, 47p. ; |c28 cm.
546 |aBilingual
563 |aSoftcover
590 |a97-44|b1997-10-31
7760#|tLa télévision canadienne à l'ère numérique : |w(CaOODSP)9.640493
7760#|tCanadian television in the digital era : |w(CaOODSP)9.696377
792 |tLa télévision canadienne à l'ère numérique : |efre|w(CaOODSP)9.659544